000 00629nam a2200193Ia 4500
005 20250508155243.0
008 008 250505s9999 xx 000 0 eng d
037 _aTextual
040 _aFEDL
_beng
_cFEDL
041 _aeng
_2eng
084 _a370, GOV
_qFEDL
245 0 _aOrientation of school education to meet the national emergency
245 0 _cGovernment Central Pedagogical Institute. Department of Extension Services
260 _aAllahabad, India
_bGovernment Central Pedagogical Institute
_c1963
300 _a68p.
650 _aEducation
942 _cTEXL
_h370, GOV
999 _c1355524
_d1355524